| 000 | 00831nam a22002177a 4500 | ||
|---|---|---|---|
| 003 | OSt | ||
| 005 | 20171009131011.0 | ||
| 008 | 170708s2017 ua g b 00000 ara d | ||
| 020 | _a9789774402421 | ||
| 040 |
_aMa-Un _bara _cDar Arab |
||
| 082 |
_221 _a155.24 _bم ز هـ |
||
| 100 | 1 |
_958143 _aالمصطفى، زين العابدين أحمد |
|
| 245 | 1 | 0 |
_aهكذا تتوافق مع ذاتك والآخرين : _bرؤية تأصيليلة لكيفية التوافق / _cزين العابدين أحمد المصطفي. |
| 250 | _aط. 1. | ||
| 260 |
_aالقاهرة : _bالدار العالمية للنشر، _c2017. |
||
| 300 |
_a233 ص. ؛ _c24 سم. |
||
| 504 | _aببليوجرافية : ص. 228-233. | ||
| 650 | 4 |
_aالتكيف النفسي _954270 |
|
| 650 | 4 |
_aالتكيف الاجتماعي _92588 |
|
| 942 | _cBOOK | ||
| 999 |
_c41070 _d310690 |
||